000
00298nam a2200121Ia 4500
008
190216s9999||||xx |||||||||||||| ||und||
100
_a
Ian Mckenzie Smith
245
0
_a
Hughes Electrical Technology
260
_b
Addison-Wesley Pbl: Co:
_c
1998
300
_a
801p
650
_a
Physics
942
_c
BK
999
_c
33393
_d
33393